[Event "DEM U18w 2019"]
[Site "Willingen GER"]
[Date "2019.06.09"]
[Round "1"]
[White "Gauchel, Verena"]
[Black "Mönster, Madita"]
[Result "0-1"]
[Termination "normal"]
[Board "5"]
[WhiteElo "1534"]
[BlackElo "1994"]
[WhiteClock "00:15:29"]
[BlackClock "00:26:17"]
[PlyCount "40"]
[WhiteFideId "12988537"]
[BlackFideId "12947156"]
[EventCountry "GER"]
[EventRounds "9"]
[EventType "swiss"]
[EventDate "2019.06.08"]

1. d4 {[%clk 1:30:58]} 1... Nf6 {[%clk 1:30:47]} 2. c4 {[%clk 1:31:22]} 2... c5
{[%clk 1:30:47]} 3. d5 {[%clk 1:30:02]} 3... e6 {[%clk 1:30:52]} 4. Nc3 { [%clk
1:24:46]} 4... exd5 {[%clk 1:31:01]} 5. Nxd5 {[%clk 1:22:20]} 5... Nxd5 { [%clk
1:21:07]} 6. Qxd5 {[%clk 1:18:06]} 6... Nc6 {[%clk 1:18:29]} 7. Nf3 { [%clk
1:12:01]} 7... d6 {[%clk 1:14:27]} 8. b3 {[%clk 0:57:17]} 8... Be7 { [%clk
1:08:21]} 9. Bb2 {[%clk 0:52:11]} 9... O-O {[%clk 1:01:47]} 10. g3 { [%clk
0:47:16]} 10... Nb4 {[%clk 0:56:44]} 11. Qe4 {[%clk 0:44:14]} 11... Bf6 { [%clk
0:51:41]} 12. Qb1 {[%clk 0:38:44]} 12... Bf5 {[%clk 0:46:07]} 13. Qxf5 { [%clk
0:35:08]} 13... Bxb2 {[%clk 0:46:27]} 14. Rd1 {[%clk 0:31:24]} 14... Bc3+
{[%clk 0:42:36]} 15. Nd2 {[%clk 0:27:37]} 15... Qf6 {[%clk 0:33:01]} 16. Qb1 {
[%clk 0:25:22]} 16... Rae8 {[%clk 0:28:45]} 17. a3 {[%clk 0:22:52]} 17... Qf3 {
[%clk 0:26:28]} 18. axb4 {[%clk 0:18:21]} 18... Rxe2+ {[%clk 0:25:35]} 19. Bxe2
{[%clk 0:16:56]} 19... Qxh1+ {[%clk 0:25:57]} 20. Bf1 {[%clk 0:15:29]} 20...
Re8+ {[%clk 0:26:17]} 0-1

[Event "DEM U18w 2019"]
[Site "Willingen GER"]
[Date "2019.06.09"]
[Round "1"]
[White "Nguyen, Ha Thanh"]
[Black "Schiewe, Nadin"]
[Result "1-0"]
[Termination "normal"]
[Board "10"]
[WhiteElo "1940"]
[BlackElo "1608"]
[PlyCount "35"]
[WhiteFideId "12942154"]
[BlackFideId "16209079"]
[EventCountry "GER"]
[EventRounds "9"]
[EventType "swiss"]
[EventDate "2019.06.08"]

1. e4 d6 2. d4 g6 3. Nf3 Nd7 4. Bc4 c6 5. O-O Qa5 6. Bb3 e5 7. Ng5 Nh6 8. Qf3
f6 9. Ne6 Nf7 10. Nxf8 Rxf8 11. c3 Qd8 12. Qe2 Nb6 13. f4 exd4 14. cxd4 Qe7 15.
Nc3 f5 16. Re1 fxe4 17. Nxe4 Kd7 18. Nc5+ 1-0

[Event "DEM U18w 2019"]
[Site "Willingen GER"]
[Date "2019.06.09"]
[Round "2"]
[White "Schulze, Lara"]
[Black "Köhler, Inken"]
[Result "1-0"]
[Termination "normal"]
[Board "1"]
[WhiteTitle "WFM"]
[WhiteElo "2160"]
[BlackElo "1979"]
[WhiteClock "00:27:05"]
[BlackClock "00:29:24"]
[PlyCount "85"]
[WhiteFideId "12956830"]
[BlackFideId "12929301"]
[EventCountry "GER"]
[EventRounds "9"]
[EventType "swiss"]
[EventDate "2019.06.08"]

1. e4 {[%clk 1:30:59]} 1... g6 {[%clk 1:30:54]} 2. d4 {[%clk 1:31:17]} 2... Bg7
{[%clk 1:31:19]} 3. Nf3 {[%clk 1:31:19]} 3... d6 {[%clk 1:31:29]} 4. Bc4 {
[%clk 1:31:07]} 4... Nf6 {[%clk 1:31:00]} 5. Qe2 {[%clk 1:31:00]} 5... O-O {
[%clk 1:29:30]} 6. O-O {[%clk 1:27:27]} 6... c6 {[%clk 1:24:50]} 7. e5 { [%clk
1:27:12]} 7... dxe5 {[%clk 1:23:19]} 8. dxe5 {[%clk 1:27:35]} 8... Nd5 { [%clk
1:22:31]} 9. h3 {[%clk 1:27:03]} 9... Qc7 {[%clk 1:18:14]} 10. Bxd5 { [%clk
1:24:24]} 10... cxd5 {[%clk 1:18:38]} 11. Nc3 {[%clk 1:24:05]} 11... e6 { [%clk
1:06:20]} 12. Nb5 {[%clk 1:20:14]} 12... Qd7 {[%clk 1:05:59]} 13. Rd1 { [%clk
1:14:30]} 13... b6 {[%clk 1:03:36]} 14. c4 {[%clk 1:06:11]} 14... Bb7 { [%clk
0:59:58]} 15. Bf4 {[%clk 0:59:59]} 15... Na6 {[%clk 0:53:29]} 16. Rac1 { [%clk
0:51:27]} 16... Bc6 {[%clk 0:45:04]} 17. Nd6 {[%clk 0:42:27]} 17... Nc7 { [%clk
0:43:21]} 18. Nd4 {[%clk 0:38:04]} 18... dxc4 {[%clk 0:37:28]} 19. Qxc4 { [%clk
0:34:58]} 19... Ba4 {[%clk 0:33:59]} 20. b3 {[%clk 0:32:26]} 20... Nd5 { [%clk
0:33:21]} 21. Bg3 {[%clk 0:31:20]} 21... b5 {[%clk 0:26:12]} 22. Qc6 { [%clk
0:24:54]} 22... b4 {[%clk 0:21:45]} 23. bxa4 {[%clk 0:24:44]} 23... Qxc6 {[%clk
0:21:47]} 24. Nxc6 {[%clk 0:23:00]} 24... Nc3 {[%clk 0:20:56]} 25. Re1 { [%clk
0:20:30]} 25... Nxa2 {[%clk 0:19:07]} 26. Rc2 {[%clk 0:16:57]} 26... Nc3 {[%clk
0:18:42]} 27. a5 {[%clk 0:16:42]} 27... Nd5 {[%clk 0:18:27]} 28. Rc4 { [%clk
0:14:44]} 28... Bh6 {[%clk 0:17:46]} 29. f4 {[%clk 0:09:37]} 29... f6 { [%clk
0:08:38]} 30. exf6 {[%clk 0:05:08]} 30... Rxf6 {[%clk 0:09:00]} 31. Nxb4 {[%clk
0:04:00]} 31... Bf8 {[%clk 0:04:25]} 32. Ne4 {[%clk 0:02:29]} 32... Rf5 {[%clk
0:04:29]} 33. Nd3 {[%clk 0:02:19]} 33... Rb8 {[%clk 0:04:00]} 34. Nd2 { [%clk
0:01:38]} 34... Re8 {[%clk 0:02:36]} 35. Re5 {[%clk 0:00:56]} 35... Rxe5 {[%clk
0:01:38]} 36. Nxe5 {[%clk 0:00:47]} 36... Ne3 {[%clk 0:01:24]} 37. Rc7 { [%clk
0:00:49]} 37... Nd5 {[%clk 0:00:45]} 38. Rc6 {[%clk 0:00:42]} 38... Bh6 { [%clk
0:00:45]} 39. Ne4 {[%clk 0:00:53]} 39... Rb8 {[%clk 0:00:34]} 40. Rxe6 { [%clk
0:00:42]} 40... Bxf4 {[%clk 0:00:36]} 41. Bxf4 {[%clk 0:27:22]} 41... Nxf4
{[%clk 0:31:01]} 42. Re7 {[%clk 0:26:58]} 42... Nd5 {[%clk 0:29:24]} 43. Rd7
{[%clk 0:27:05]} 1-0

[Event "DEM U18w 2019"]
[Site "Willingen GER"]
[Date "2019.06.09"]
[Round "2"]
[White "Möller, Lisa-Marie"]
[Black "Ziegenfuß, Antonia"]
[Result "1/2-1/2"]
[Termination "normal"]
[Board "2"]
[WhiteElo "1900"]
[BlackElo "2111"]
[WhiteClock "00:24:01"]
[BlackClock "00:21:22"]
[PlyCount "91"]
[WhiteFideId "12959367"]
[BlackFideId "12962554"]
[EventCountry "GER"]
[EventRounds "9"]
[EventType "swiss"]
[EventDate "2019.06.08"]

1. e4 {[%clk 1:30:59]} 1... c5 {[%clk 1:30:54]} 2. Nf3 {[%clk 1:31:23]} 2...
Nf6 {[%clk 1:31:19]} 3. e5 {[%clk 1:29:24]} 3... Nd5 {[%clk 1:31:40]} 4. d4 {
[%clk 1:27:15]} 4... cxd4 {[%clk 1:30:25]} 5. Qxd4 {[%clk 1:25:36]} 5... e6 {
[%clk 1:30:37]} 6. Bc4 {[%clk 1:23:27]} 6... Nc6 {[%clk 1:27:48]} 7. Qe4 {
[%clk 1:21:46]} 7... d6 {[%clk 1:25:40]} 8. Bxd5 {[%clk 1:17:09]} 8... exd5 {
[%clk 1:26:02]} 9. Qe2 {[%clk 1:13:30]} 9... dxe5 {[%clk 1:11:18]} 10. Nxe5 {
[%clk 1:12:18]} 10... Nxe5 {[%clk 1:10:12]} 11. Qxe5+ {[%clk 1:12:39]} 11...
Qe7 {[%clk 1:10:30]} 12. Qxe7+ {[%clk 1:12:01]} 12... Bxe7 {[%clk 1:10:51]} 13.
O-O {[%clk 1:10:40]} 13... d4 {[%clk 0:52:26]} 14. Re1 {[%clk 1:07:14]} 14...
Be6 {[%clk 0:50:08]} 15. c3 {[%clk 1:04:53]} 15... Bf6 {[%clk 0:42:47]} 16. Bd2
{[%clk 1:01:31]} 16... O-O {[%clk 0:41:35]} 17. cxd4 {[%clk 1:00:27]} 17...
Bxd4 {[%clk 0:41:48]} 18. Bc3 {[%clk 0:59:41]} 18... Rfd8 {[%clk 0:39:35]} 19.
Bxd4 {[%clk 0:52:02]} 19... Rxd4 {[%clk 0:39:58]} 20. Nc3 {[%clk 0:47:51]}
20... Rd2 {[%clk 0:35:23]} 21. Re2 {[%clk 0:46:55]} 21... Rad8 {[%clk 0:32:45]}
22. b3 {[%clk 0:42:55]} 22... Rxe2 {[%clk 0:15:30]} 23. Nxe2 {[%clk 0:43:17]}
23... Kf8 {[%clk 0:08:02]} 24. Kf1 {[%clk 0:40:14]} 24... b5 {[%clk 0:06:19]}
25. Ke1 {[%clk 0:35:33]} 25... a5 {[%clk 0:02:23]} 26. Rd1 {[%clk 0:31:32]}
26... Re8 {[%clk 0:01:22]} 27. Kf1 {[%clk 0:25:25]} 27... a4 {[%clk 0:00:56]}
28. Nd4 {[%clk 0:21:17]} 28... axb3 {[%clk 0:00:41]} 29. Nxe6+ {[%clk 0:19:39]}
29... Rxe6 {[%clk 0:00:38]} 30. axb3 {[%clk 0:20:02]} 30... Re5 {[%clk 0:00:48]
} 31. Rd4 {[%clk 0:16:26]} 31... Ke7 {[%clk 0:00:58]} 32. f3 {[%clk 0:13:31]}
32... Ke6 {[%clk 0:00:55]} 33. Kf2 {[%clk 0:12:55]} 33... f5 {[%clk 0:01:04]}
34. b4 {[%clk 0:10:38]} 34... g5 {[%clk 0:00:59]} 35. h4 {[%clk 0:04:38]} 35...
h6 {[%clk 0:01:05]} 36. hxg5 {[%clk 0:04:17]} 36... hxg5 {[%clk 0:01:30]} 37.
f4 {[%clk 0:01:14]} 37... gxf4 {[%clk 0:01:50]} 38. Rxf4 {[%clk 0:01:34]} 38...
Rd5 {[%clk 0:01:21]} 39. g4 {[%clk 0:00:49]} 39... fxg4 {[%clk 0:01:30]} 40.
Rxg4 {[%clk 0:01:18]} 40... Re5 {[%clk 0:00:59]} 41. Rd4 {[%clk 0:28:32]} 41...
Rf5+ {[%clk 0:24:44]} 42. Ke3 {[%clk 0:27:33]} 42... Re5+ {[%clk 0:23:33]} 43.
Kd3 {[%clk 0:23:21]} 43... Rd5 {[%clk 0:21:06]} 44. Kc3 {[%clk 0:23:18]} 44...
Rxd4 {[%clk 0:20:54]} 45. Kxd4 {[%clk 0:23:42]} 45... Kd6 {[%clk 0:21:22]} 46.
Ke4 {[%clk 0:24:01]} 1/2-1/2

[Event "DEM U18w 2019"]
[Site "Willingen GER"]
[Date "2019.06.09"]
[Round "2"]
[White "Ratay, Meike"]
[Black "Nguyen, Ha Thanh"]
[Result "0-1"]
[Termination "normal"]
[Board "3"]
[WhiteElo "1991"]
[BlackElo "1940"]
[WhiteClock "00:16:08"]
[BlackClock "00:24:01"]
[PlyCount "90"]
[WhiteFideId "12977608"]
[BlackFideId "12942154"]
[EventCountry "GER"]
[EventRounds "9"]
[EventType "swiss"]
[EventDate "2019.06.08"]

1. e4 {[%clk 1:30:57]} 1... c5 {[%clk 1:30:56]} 2. Nf3 {[%clk 1:31:22]} 2...
Nc6 {[%clk 1:31:21]} 3. d4 {[%clk 1:31:49]} 3... cxd4 {[%clk 1:31:46]} 4. Nxd4
{[%clk 1:32:15]} 4... g6 {[%clk 1:32:07]} 5. c4 {[%clk 1:32:40]} 5... Bg7 {
[%clk 1:32:31]} 6. Be3 {[%clk 1:33:04]} 6... Nf6 {[%clk 1:32:54]} 7. Nc3 {
[%clk 1:33:27]} 7... O-O {[%clk 1:33:11]} 8. Be2 {[%clk 1:33:47]} 8... d6 {
[%clk 1:33:32]} 9. O-O {[%clk 1:34:10]} 9... Bd7 {[%clk 1:33:49]} 10. f3 {
[%clk 1:34:27]} 10... Nxd4 {[%clk 1:34:03]} 11. Bxd4 {[%clk 1:34:50]} 11... a5
{[%clk 1:34:16]} 12. b3 {[%clk 1:35:11]} 12... Bc6 {[%clk 1:34:31]} 13. Qd2 {
[%clk 1:35:24]} 13... Nd7 {[%clk 1:34:18]} 14. Bf2 {[%clk 1:35:34]} 14... Nc5 {
[%clk 1:33:59]} 15. Rab1 {[%clk 1:35:42]} 15... h5 {[%clk 1:24:16]} 16. a3 {
[%clk 1:29:21]} 16... Kh7 {[%clk 1:21:24]} 17. Rfd1 {[%clk 1:21:26]} 17... Qc7
{[%clk 1:17:36]} 18. Nd5 {[%clk 1:06:29]} 18... Qd8 {[%clk 1:05:58]} 19. Qc2 {
[%clk 0:56:29]} 19... e6 {[%clk 1:00:32]} 20. Nf4 {[%clk 0:50:43]} 20... Qe7 {
[%clk 0:58:28]} 21. Bg3 {[%clk 0:42:41]} 21... Rfd8 {[%clk 0:57:36]} 22. b4 {
[%clk 0:34:53]} 22... Ba4 {[%clk 0:52:40]} 23. Qd2 {[%clk 0:28:20]} 23... Bxd1
{[%clk 0:52:37]} 24. Rxd1 {[%clk 0:28:28]} 24... axb4 {[%clk 0:52:16]} 25. axb4
{[%clk 0:28:45]} 25... Na4 {[%clk 0:45:55]} 26. Qe3 {[%clk 0:19:21]} 26... Nc3
{[%clk 0:41:47]} 27. Rd3 {[%clk 0:16:31]} 27... Ra1+ {[%clk 0:41:14]} 28. Bf1 {
[%clk 0:16:43]} 28... Na4 {[%clk 0:35:56]} 29. Ra3 {[%clk 0:13:12]} 29... Rxa3
{[%clk 0:28:39]} 30. Qxa3 {[%clk 0:13:37]} 30... Nb6 {[%clk 0:28:57]} 31. Bf2 {
[%clk 0:09:49]} 31... Ra8 {[%clk 0:28:49]} 32. Qe3 {[%clk 0:09:45]} 32... Nd7 {
[%clk 0:28:18]} 33. g3 {[%clk 0:08:30]} 33... Ra1 {[%clk 0:26:08]} 34. Qd3 {
[%clk 0:07:05]} 34... Ne5 {[%clk 0:25:49]} 35. Qc3 {[%clk 0:06:06]} 35... Nc6 {
[%clk 0:24:21]} 36. Qd2 {[%clk 0:05:11]} 36... Ra3 {[%clk 0:19:25]} 37. Nd3 {
[%clk 0:04:47]} 37... Nd4 {[%clk 0:15:40]} 38. Kg2 {[%clk 0:04:28]} 38... Qf6 {
[%clk 0:15:02]} 39. Qd1 {[%clk 0:02:05]} 39... Ra2 {[%clk 0:09:44]} 40. c5 {
[%clk 0:00:45]} 40... dxc5 {[%clk 0:06:40]} 41. bxc5 {[%clk 0:28:55]} 41... Nc2
{[%clk 0:27:25]} 42. Qd2 {[%clk 0:21:16]} 42... Qa1 {[%clk 0:25:14]} 43. e5 {
[%clk 0:15:50]} 43... Bxe5 {[%clk 0:23:15]} 44. Nxe5 {[%clk 0:16:08]} 44...
Ne1+ {[%clk 0:23:37]} 45. Bxe1 {[%clk 0:16:08]} 45... Rxd2+ {[%clk 0:24:01]}
0-1

[Event "DEM U18w 2019"]
[Site "Willingen GER"]
[Date "2019.06.09"]
[Round "2"]
[White "Reitz, Theresa"]
[Black "Arnhold, Steffi"]
[Result "0-1"]
[Termination "normal"]
[Board "4"]
[WhiteElo "1976"]
[BlackElo "1996"]
[WhiteClock "00:00:58"]
[BlackClock "00:16:23"]
[PlyCount "78"]
[WhiteFideId "12971901"]
[BlackFideId "12931365"]
[EventCountry "GER"]
[EventRounds "9"]
[EventType "swiss"]
[EventDate "2019.06.08"]

1. Nf3 {[%clk 1:30:54]} 1... Nf6 {[%clk 1:30:51]} 2. g3 {[%clk 1:31:20]} 2...
e6 {[%clk 1:31:07]} 3. Bg2 {[%clk 1:31:45]} 3... d5 {[%clk 1:31:16]} 4. O-O {
[%clk 1:32:03]} 4... Be7 {[%clk 1:31:27]} 5. d4 {[%clk 1:29:09]} 5... O-O {
[%clk 1:30:54]} 6. c4 {[%clk 1:27:10]} 6... dxc4 {[%clk 1:30:06]} 7. Qa4 {
[%clk 1:25:25]} 7... a6 {[%clk 1:28:32]} 8. Qxc4 {[%clk 1:24:31]} 8... b5 {
[%clk 1:27:34]} 9. Qc2 {[%clk 1:24:20]} 9... Bb7 {[%clk 1:27:32]} 10. Nc3 {
[%clk 1:14:04]} 10... Nbd7 {[%clk 1:22:01]} 11. Ne5 {[%clk 1:01:32]} 11... Bxg2
{[%clk 1:15:12]} 12. Kxg2 {[%clk 1:01:47]} 12... Bd6 {[%clk 1:11:01]} 13. Rd1 {
[%clk 0:49:56]} 13... Qc8 {[%clk 1:05:02]} 14. Nxd7 {[%clk 0:45:51]} 14... Qxd7
{[%clk 1:03:30]} 15. e4 {[%clk 0:39:16]} 15... Qc6 {[%clk 0:57:48]} 16. Qd3 {
[%clk 0:27:42]} 16... b4 {[%clk 0:53:30]} 17. d5 {[%clk 0:27:54]} 17... Qb7 {
[%clk 0:53:32]} 18. Ne2 {[%clk 0:27:59]} 18... exd5 {[%clk 0:53:32]} 19. exd5 {
[%clk 0:27:49]} 19... Rad8 {[%clk 0:53:03]} 20. Bg5 {[%clk 0:16:10]} 20... Be5
{[%clk 0:48:39]} 21. Bxf6 {[%clk 0:09:50]} 21... Bxf6 {[%clk 0:48:53]} 22. Rd2
{[%clk 0:07:07]} 22... Rd6 {[%clk 0:47:26]} 23. Rad1 {[%clk 0:07:13]} 23...
Rfd8 {[%clk 0:47:42]} 24. Qf3 {[%clk 0:06:41]} 24... h6 {[%clk 0:44:19]} 25.
Nf4 {[%clk 0:06:34]} 25... Qb5 {[%clk 0:42:47]} 26. b3 {[%clk 0:02:55]} 26...
Bg5 {[%clk 0:39:13]} 27. Rd4 {[%clk 0:01:56]} 27... a5 {[%clk 0:34:45]} 28. Qe2
{[%clk 0:00:37]} 28... Qxe2 {[%clk 0:29:42]} 29. Nxe2 {[%clk 0:01:05]} 29...
Bf6 {[%clk 0:30:04]} 30. R4d3 {[%clk 0:00:51]} 30... g5 {[%clk 0:27:48]} 31. h3
{[%clk 0:00:48]} 31... Be5 {[%clk 0:24:39]} 32. f4 {[%clk 0:00:32]} 32... gxf4
{[%clk 0:24:42]} 33. gxf4 {[%clk 0:01:02]} 33... Bh8 {[%clk 0:24:09]} 34. Kf2 {
[%clk 0:00:44]} 34... Kh7 {[%clk 0:21:18]} 35. R1d2 {[%clk 0:00:44]} 35... Kg6
{[%clk 0:20:04]} 36. Ng3 {[%clk 0:00:35]} 36... c6 {[%clk 0:19:26]} 37. f5+ {
[%clk 0:01:02]} 37... Kh7 {[%clk 0:19:41]} 38. Ne2 {[%clk 0:00:33]} 38... Rxd5
{[%clk 0:19:23]} 39. Rxd5 {[%clk 0:00:58]} 39... cxd5 {[%clk 0:16:23]} 0-1

[Event "DEM U18w 2019"]
[Site "Willingen GER"]
[Date "2019.06.09"]
[Round "2"]
[White "Mönster, Madita"]
[Black "Browning, Rebecca"]
[Result "1-0"]
[Termination "normal"]
[Board "5"]
[WhiteElo "1994"]
[BlackElo "1923"]
[WhiteClock "00:12:07"]
[BlackClock "00:47:08"]
[PlyCount "61"]
[WhiteFideId "12947156"]
[BlackFideId "12984027"]
[EventCountry "GER"]
[EventRounds "9"]
[EventType "swiss"]
[EventDate "2019.06.08"]

1. e4 {[%clk 1:30:56]} 1... e6 {[%clk 1:30:57]} 2. d4 {[%clk 1:31:17]} 2... d5
{[%clk 1:31:25]} 3. Nc3 {[%clk 1:31:38]} 3... Nf6 {[%clk 1:31:52]} 4. e5 {
[%clk 1:31:53]} 4... Nfd7 {[%clk 1:32:18]} 5. f4 {[%clk 1:31:55]} 5... c5 {
[%clk 1:32:42]} 6. Nf3 {[%clk 1:32:06]} 6... Be7 {[%clk 1:33:07]} 7. Be3 {
[%clk 1:31:37]} 7... b6 {[%clk 1:33:29]} 8. Qd2 {[%clk 1:29:45]} 8... O-O {
[%clk 1:33:10]} 9. Nd1 {[%clk 1:20:38]} 9... Nc6 {[%clk 1:21:35]} 10. c3 {
[%clk 1:18:06]} 10... a5 {[%clk 1:18:24]} 11. Bd3 {[%clk 1:09:45]} 11... Ba6 {
[%clk 1:18:39]} 12. O-O {[%clk 1:08:15]} 12... Bxd3 {[%clk 1:18:11]} 13. Qxd3 {
[%clk 1:08:37]} 13... Qc7 {[%clk 1:16:37]} 14. Rc1 {[%clk 1:06:15]} 14... c4 {
[%clk 1:15:57]} 15. Qc2 {[%clk 0:59:23]} 15... b5 {[%clk 1:16:00]} 16. f5 {
[%clk 0:55:51]} 16... exf5 {[%clk 1:14:01]} 17. Qxf5 {[%clk 0:55:03]} 17... Nb6
{[%clk 1:11:27]} 18. Ng5 {[%clk 0:51:11]} 18... Bxg5 {[%clk 1:11:17]} 19. Bxg5
{[%clk 0:51:11]} 19... Qd7 {[%clk 1:11:14]} 20. Qf4 {[%clk 0:44:38]} 20... Nd8
{[%clk 1:09:08]} 21. Qg3 {[%clk 0:36:28]} 21... Ne6 {[%clk 1:07:53]} 22. Bh4 {
[%clk 0:35:53]} 22... h6 {[%clk 1:03:09]} 23. Ne3 {[%clk 0:33:20]} 23... Kh7 {
[%clk 1:01:43]} 24. Ng4 {[%clk 0:29:23]} 24... Qa7 {[%clk 0:58:53]} 25. Qf3 {
[%clk 0:24:41]} 25... b4 {[%clk 0:54:29]} 26. Bf6 {[%clk 0:18:18]} 26... Nd7 {
[%clk 0:52:59]} 27. Qh3 {[%clk 0:13:04]} 27... Nxf6 {[%clk 0:47:29]} 28. Rxf6 {
[%clk 0:12:10]} 28... Rh8 {[%clk 0:46:28]} 29. Rxh6+ {[%clk 0:11:44]} 29...
gxh6 {[%clk 0:46:41]} 30. Qxh6+ {[%clk 0:12:07]} 30... Kg8 {[%clk 0:47:08]} 31.
Nf6# 1-0

[Event "DEM U18w 2019"]
[Site "Willingen GER"]
[Date "2019.06.09"]
[Round "2"]
[White "Kobald, Jacqueline"]
[Black "Poetsch, Leonore"]
[Result "1/2-1/2"]
[Termination "normal"]
[Board "6"]
[WhiteElo "1839"]
[BlackElo "1953"]
[WhiteClock "00:14:53"]
[BlackClock "00:32:52"]
[PlyCount "58"]
[WhiteFideId "12988162"]
[BlackFideId "12940372"]
[EventCountry "GER"]
[EventRounds "9"]
[EventType "swiss"]
[EventDate "2019.06.08"]

1. e4 {[%clk 1:30:56]} 1... e6 {[%clk 1:30:54]} 2. d4 {[%clk 1:31:21]} 2... d5
{[%clk 1:31:21]} 3. Nc3 {[%clk 1:31:41]} 3... Nf6 {[%clk 1:31:47]} 4. e5 {
[%clk 1:31:51]} 4... Nfd7 {[%clk 1:32:13]} 5. f4 {[%clk 1:32:15]} 5... c5 {
[%clk 1:32:37]} 6. Nf3 {[%clk 1:32:24]} 6... Nc6 {[%clk 1:33:03]} 7. Be3 {
[%clk 1:32:43]} 7... Be7 {[%clk 1:32:07]} 8. Qd2 {[%clk 1:32:23]} 8... O-O {
[%clk 1:31:52]} 9. Be2 {[%clk 1:31:29]} 9... b6 {[%clk 1:30:52]} 10. O-O {
[%clk 1:30:46]} 10... f5 {[%clk 1:30:51]} 11. Nd1 {[%clk 1:20:25]} 11... cxd4 {
[%clk 1:26:44]} 12. Nxd4 {[%clk 1:17:23]} 12... Nxd4 {[%clk 1:27:05]} 13. Bxd4
{[%clk 1:17:48]} 13... Nc5 {[%clk 1:25:30]} 14. Nf2 {[%clk 1:15:48]} 14... Bb7
{[%clk 1:22:50]} 15. c3 {[%clk 1:04:42]} 15... Rc8 {[%clk 1:20:29]} 16. Kh1 {
[%clk 0:53:24]} 16... Qc7 {[%clk 1:14:28]} 17. Qe3 {[%clk 0:49:18]} 17... Ne4 {
[%clk 1:09:05]} 18. Rad1 {[%clk 0:39:49]} 18... Bc6 {[%clk 0:58:02]} 19. Nxe4 {
[%clk 0:36:31]} 19... dxe4 {[%clk 0:54:25]} 20. Bc4 {[%clk 0:36:45]} 20... Bd5
{[%clk 0:53:34]} 21. Bxd5 {[%clk 0:36:29]} 21... exd5 {[%clk 0:53:59]} 22. Rf2
{[%clk 0:29:02]} 22... Rfd8 {[%clk 0:48:06]} 23. Rfd2 {[%clk 0:24:53]} 23...
Qc4 {[%clk 0:45:11]} 24. Qh3 {[%clk 0:20:18]} 24... Qxa2 {[%clk 0:38:35]} 25.
Qxf5 {[%clk 0:19:26]} 25... Qa4 {[%clk 0:31:38]} 26. Qe6+ {[%clk 0:16:42]}
26... Kf8 {[%clk 0:32:03]} 27. Qf5+ {[%clk 0:17:08]} 27... Kg8 {[%clk 0:32:27]}
28. Qe6+ {[%clk 0:15:02]} 28... Kf8 {[%clk 0:32:52]} 29. Qf5+ {[%clk 0:14:53]}
29... Kg8 1/2-1/2

[Event "DEM U18w 2019"]
[Site "Willingen GER"]
[Date "2019.06.09"]
[Round "2"]
[White "Mundt, Alexandra"]
[Black "Kadach, Maria"]
[Result "1/2-1/2"]
[Termination "normal"]
[Board "7"]
[WhiteElo "1799"]
[BlackElo "1460"]
[WhiteClock "00:30:21"]
[BlackClock "00:19:28"]
[PlyCount "84"]
[WhiteFideId "16217276"]
[BlackFideId "16261798"]
[EventCountry "GER"]
[EventRounds "9"]
[EventType "swiss"]
[EventDate "2019.06.08"]

1. e4 {[%clk 1:30:58]} 1... c6 {[%clk 1:30:53]} 2. d4 {[%clk 1:31:22]} 2... d5
{[%clk 1:31:16]} 3. Nd2 {[%clk 1:31:39]} 3... dxe4 {[%clk 1:31:02]} 4. Nxe4 {
[%clk 1:32:04]} 4... Nd7 {[%clk 1:31:21]} 5. Nf3 {[%clk 1:31:58]} 5... Ngf6 {
[%clk 1:31:40]} 6. Ng3 {[%clk 1:31:25]} 6... Nb6 {[%clk 1:31:21]} 7. Be2 {
[%clk 1:30:09]} 7... e6 {[%clk 1:29:13]} 8. Bf4 {[%clk 1:29:01]} 8... Nbd5 {
[%clk 1:27:25]} 9. Bd2 {[%clk 1:26:52]} 9... c5 {[%clk 1:21:10]} 10. c4 { [%clk
1:22:17]} 10... Nb6 {[%clk 1:20:21]} 11. Bc3 {[%clk 1:21:34]} 11... Nbd7 {[%clk
1:16:35]} 12. O-O {[%clk 1:18:12]} 12... Be7 {[%clk 1:16:45]} 13. Qc2 { [%clk
1:16:13]} 13... b6 {[%clk 1:14:10]} 14. Rfd1 {[%clk 1:15:24]} 14... Qc7 { [%clk
1:13:39]} 15. Rac1 {[%clk 1:04:09]} 15... Bb7 {[%clk 1:13:08]} 16. b3 { [%clk
0:55:59]} 16... Rc8 {[%clk 1:10:34]} 17. Nd2 {[%clk 0:44:08]} 17... Bd6 { [%clk
0:56:42]} 18. Bf3 {[%clk 0:38:58]} 18... Bxf3 {[%clk 0:41:02]} 19. Nxf3 { [%clk
0:38:22]} 19... h5 {[%clk 0:40:00]} 20. Qe2 {[%clk 0:35:10]} 20... Kf8 { [%clk
0:37:31]} 21. Re1 {[%clk 0:27:54]} 21... h4 {[%clk 0:28:12]} 22. Nf1 { [%clk
0:28:09]} 22... h3 {[%clk 0:23:01]} 23. g3 {[%clk 0:27:04]} 23... Qc6 { [%clk
0:19:32]} 24. Ne3 {[%clk 0:27:13]} 24... Rh6 {[%clk 0:05:47]} 25. Ng5 { [%clk
0:16:47]} 25... Rh5 {[%clk 0:04:01]} 26. f4 {[%clk 0:13:06]} 26... cxd4 { [%clk
0:03:59]} 27. Bxd4 {[%clk 0:13:16]} 27... Ba3 {[%clk 0:01:59]} 28. Rcd1 { [%clk
0:11:25]} 28... Bb4 {[%clk 0:02:17]} 29. Rf1 {[%clk 0:11:10]} 29... Bc5 { [%clk
0:02:39]} 30. Bxc5+ {[%clk 0:07:02]} 30... Qxc5 {[%clk 0:03:02]} 31. Rfe1
{[%clk 0:06:13]} 31... Rh8 {[%clk 0:02:35]} 32. Kf1 {[%clk 0:05:09]} 32... Qc6
{[%clk 0:02:14]} 33. Qf3 {[%clk 0:04:32]} 33... Qxf3+ {[%clk 0:01:20]} 34. Nxf3
{[%clk 0:04:58]} 34... Nc5 35. Rd4 {[%clk 0:03:33]} 35... g6 {[%clk 0:00:48]}
36. Red1 {[%clk 0:02:25]} 36... Kg7 {[%clk 0:01:00]} 37. Ng5 {[%clk 0:02:03]}
37... Rce8 {[%clk 0:00:53]} 38. Nf3 {[%clk 0:00:47]} 38... Nce4 {[%clk 0:00:49]
} 39. g4 {[%clk 0:00:39]} 39... Nc5 {[%clk 0:00:39]} 40. a3 {[%clk 0:00:39]}
40... Nxb3 {[%clk 0:00:57]} 41. R4d3 {[%clk 0:29:55]} 41... Nc5 {[%clk 0:29:58]
} 42. Rd4 {[%clk 0:30:21]} 42... Nfe4 {[%clk 0:19:28]} 1/2-1/2